Rainfall reservoirs and water supply

This short course of lectures aims to illustrate some of the main points of water supply engineering, and covers sources and means of supply, reservoirs, tunnels and aqueducts.

Saved in:
Bibliographic Details
Main Author Binnie, Alexander R.
Format Electronic eBook
LanguageEnglish
Published London : Constable, 1913.
Subjects
Online AccessFull text
ISBN9780727751874
DOI10.1680/rraws.51874
Physical Description1 online resource : ill.

Cover

LEADER 00000nam a2200000 a 4500
001 em-EDZ0000055091
003 StDuBDS
005 20170303150621.0
006 m o d
007 cr |||||||||||
008 120123s1913 enka fo| 000|0|eng|d
020 |a 9780727751874 
040 |a StDuBDS  |b eng  |c StDuBDS  |e pn 
082 0 4 |a 628.132  |2 23 
100 1 |a Binnie, Alexander R. 
245 1 0 |a Rainfall reservoirs and water supply  |h [electronic resource] /  |c by Alexander R. Binnie. 
260 |a London :  |b Constable,  |c 1913. 
300 |a 1 online resource :  |b ill. 
506 |a Plný text je dostupný pouze z IP adres počítačů Univerzity Tomáše Bati ve Zlíně nebo vzdáleným přístupem pro zaměstnance a studenty 
520 8 |a This short course of lectures aims to illustrate some of the main points of water supply engineering, and covers sources and means of supply, reservoirs, tunnels and aqueducts. 
588 |a Description based on online resource; title from PDF title page (ICE Publishing, viewed on Jan. 25, 2012). 
650 0 |a Reservoirs. 
650 0 |a Water-supply. 
650 0 |a Water harvesting. 
655 7 |a elektronické knihy  |7 fd186907  |2 czenas 
655 9 |a electronic books  |2 eczenas 
856 4 0 |u https://proxy.k.utb.cz/login?url=https://doi.org/10.1680/rraws.51874